00462nam a2200169Ia 450000500170000000800410001704000190005804100120007708200180008910000210010724500570012826000330018530000120021865000210023065100310025185000100028220010101040150.0131103s9999 xx 000 0 und d aLoreto College aEnglish a891.4309bSHA aSharma,Shivkumar aHindi SahityabYug aur Pravittiya cShivkumar Sharma aDelhibAkash Prakashanc2006 a728 p.  aHindi Literature aLiterature,Hindi - History aLCLIB